| 000 | 01849 a2200277 4500 | ||
|---|---|---|---|
| 003 | OSt | ||
| 005 | 20240730144020.0 | ||
| 008 | 120517t xxu||||| |||| 00| 0 eng d | ||
| 020 | _a1876907061 (hardcover) | ||
| 020 | _a9781876907068 (hardcover) | ||
| 040 | _c0 | ||
| 082 | 0 | 4 | _a725.0973 |
| 100 | 1 |
_aWomersley, Steve. _932842 |
|
| 245 | 1 | 0 |
_aJohn portman and associates : _bmas viselected and current works / _cSteve Womersley. |
| 260 |
_aVictoria : _bImages Publishing Dist A/C, _c2006. |
||
| 300 |
_a256 p. : _bill.; _c31 cm. |
||
| 490 | 1 | _aMaster architect series, 6. | |
| 500 | _aIncludes bibliographical refrences and index | ||
| 520 | _aJohn Portman and Associates is most famous for introducing the modern atrium to corporate design. But there is much more in this magnificent portfolio of outstanding architecture than atriums. From its inception in 1953, the firm has established a global reputation for combining vision with practical development in three key areas: urban architecture, community revitalisation and suburban mixed-use projects. In fact, John Portman and Associates is largely resposible for establishing the benchmark for urban revitalisation. Major areas of practice featured in this book include mixed-use architecture, hospitality, education and corporate - not just in the USA but around the world. The buildings designed by John Portman and Associates have received numerous accolades, and many of those designs featurein this attractive casebound volume. | ||
| 650 | 0 |
_aArchitecture, Modern _932028 |
|
| 650 | 0 |
_aArchitecture _zUnited States _932643 |
|
| 830 | 0 |
_aMaster architect series, 6. _932843 |
|
| 856 | 4 | 0 |
_3Amazon.com _uhttp://www.amazon.com/exec/obidos/ASIN/1876907061/chopaconline-20 |
| 942 |
_aSADA _cREF _kREF 725.0973 WOM 2006 _2ddc |
||
| 999 |
_c352536 _d352536 |
||